000 00228 a2200097 4500
001 54483
100 _aGuting, Ralf H.
245 _aMoving objects databases
260 _aBoston
_bElsevier
_c2005
090 _c33912
_d33912
942 _aNUST-CAE
_cMONOGRAPH
_c26572
999 _c289556
_d289556